000 01052nam a22003257a 4500
003 CHAP
005 20220329133324.0
008 971013s1919 r 00010 d
010 _a4889
011 _a5861
035 _a5077
040 _cCHAP
082 _a630.72
_bC32
110 _aCanada. Minister of Supply and Services
_918205
245 1 _aResearch Branch report
260 _aOttawa, Ont. :
_bThe Minister,
_c19-- 19
300 _av.
500 _a55-20
500 _aLa biblioteca tiene: 1989-1990, 1991
590 _aBATCH-UPD
_b10
_c20130110
_lUCH01
_h2115
590 _aBATCH-UPD
_b10
_c20130410
_lUCH01
_h1426
590 _aBATCH-UPD
_b10
_c20130914
_lUCH01
_h1931
590 _aCONVERSION
_b10
_c20130109
_lUCH01
_h1304
650 1 4 _aAgricultura
_xInvestigacion
_zCanada.
_91697
650 1 4 _aPolítica científica
_xCanadá.
_990461
901 _aBK
942 _cLIBRO
949 _a630.72 C32
_bBC
_cLIBRO
_d33724000037453
_eLIBRO
_f1989-90
_h79135
_i5077
_si
949 _a630.72 C32
_bBC
_cLIBRO
_d33724002106108
_eLIBRO
_f1991
_h113973
_i5077
_sb
999 _c4889
_d4889